| 000 | 01107nam a2200265 i 4500 | ||
|---|---|---|---|
| 003 | EG-ScBUE | ||
| 005 | 20240222114446.0 | ||
| 008 | 120422s1980 le f 000 0 ara d | ||
| 040 |
_aEG-ScBUE _bara _erda _cEG-ScBUE _dEG-ScBUE |
||
| 043 |
_af-ua--- _aa-sy--- |
||
| 082 | 0 | 4 |
_a962.065 _bف ر س _222 |
| 100 | 1 |
_929650 _aفرسخ، عوني، _eمؤلف. |
|
| 245 | 1 | 2 |
_aالوحدة في التجربة : _bدراسة تحليلية لوحدة 1958 / _cعوني عبد المحسن فرسخ. |
| 250 | _aالطبعة الأولى. | ||
| 264 | 1 |
_aبيروت : _bدار المسيرة، _c1980. |
|
| 300 |
_a448 صفحة ؛ _c22 سم |
||
| 336 |
_2rdacontent _aنص _btxt |
||
| 337 |
_aبدون وسيط _2rdamedia _bn |
||
| 338 |
_aمجلد _bnc _2rdacarrier |
||
| 504 | _aيشتمل على إرجاعات ببليوجرافية. | ||
| 651 | 7 |
_927742 _aمصر _xتاريخ _yالعصر الحديث _yالوحدة مع سوريا (1958-1961م). _2BUEsh |
|
| 651 | 7 |
_929652 _aسوريا _xتاريخ _yالعصر الحديث _yالوحدة مع مصر 1958-1961. _2BUEsh |
|
| 655 | _vReading book | ||
| 942 |
_2ddc _cBB |
||
| 999 |
_c16675 _d16675 |
||